The Bihar local self-government and cess (amendment) act, 1947 [Bihar act XXI of 1947] (Record no. 488282)

000 -LEADER
fixed length control field 00354cam a22001097a 4500
008 - FIXED-LENGTH DATA ELEMENTS--GENERAL INFORMATION
fixed length control field 180718b1948 xxu||||| |||| 00| 0 eng d
082 ## - DEWEY DECIMAL CLASSIFICATION NUMBER
Classification number B703x5413 B489/1947
100 ## - MAIN ENTRY--PERSONAL NAME
Personal name Bihar. Legislative Department
245 ## - TITLE STATEMENT
Title The Bihar local self-government and cess (amendment) act, 1947 [Bihar act XXI of 1947]
260 ## - PUBLICATION, DISTRIBUTION, ETC.
Place of publication, distribution, etc. Patna
Name of publisher, distributor, etc. The author
Date of publication, distribution, etc. 1948
300 ## - PHYSICAL DESCRIPTION
Extent 3p.
Holdings
Withdrawn status Lost status Damaged status Not for loan Permanent Location Current Location Date acquired Full call number Barcode Date last seen Price effective from Koha item type
        Indian Institute of Public Administration Indian Institute of Public Administration 2018-08-04 B703x5413 B489/1947 GG5656 2018-08-04 2018-08-04 GG

Powered by Koha